Places To Study

There are group study rooms, individual study carrels, computer labs, and other spaces to study in the Libraries.

Reserve A Group Room

Online Resources

Access thousands of eBooks, audiobooks, and online journals from the comfort of your home.

Explore Resources

Events and Workshops

Join our upcoming events and workshops to enhance your skills and knowledge.

View Events

In Buddha's company : (Record no. 2799)

MARC details
000 -LEADER
fixed length control field 00956nam a22002657a 4500
003 - CONTROL NUMBER IDENTIFIER
control field OSt
005 - DATE AND TIME OF LATEST TRANSACTION
control field 20251223162036.0
008 - FIXED-LENGTH DATA ELEMENTS--GENERAL INFORMATION
fixed length control field 251223b |||||||| |||| 00| 0 eng d
020 ## - INTERNATIONAL STANDARD BOOK NUMBER
International Standard Book Number 9786162150340
040 ## - CATALOGING SOURCE
Transcribing agency DCL
041 ## - LANGUAGE CODE
Language code of text/sound track or separate title English
082 ## - DEWEY DECIMAL CLASSIFICATION NUMBER
Classification number 959.70433593
100 1# - MAIN ENTRY--PERSONAL NAME
Personal name Ruth, Richard A. (Richard Alfred)
245 10 - TITLE STATEMENT
Title In Buddha's company :
Remainder of title Thai soldiers in the Vietnam War /
Statement of responsibility, etc. Richard A. Ruth.
260 ## - PUBLICATION, DISTRIBUTION, ETC.
Place of publication, distribution, etc. Yangon :
Name of publisher, distributor, etc. Universities Historical Research Centre,
Date of publication, distribution, etc. 2003.
300 ## - PHYSICAL DESCRIPTION
Extent x, 275 pages :
Other physical details illustrations ;
Dimensions 23 cm.
504 ## - BIBLIOGRAPHY, ETC. NOTE
Bibliography, etc. note Includes bibliographical references (p. [263]-268) and index
650 ## - SUBJECT ADDED ENTRY--TOPICAL TERM
Topical term or geographic name entry element Vietnam War, 1961-1975
General subdivision Participation, Thai
651 ## - SUBJECT ADDED ENTRY--GEOGRAPHIC NAME
Geographic name Thailand. Kō̜ngthap Bok
General subdivision Military life
651 ## - SUBJECT ADDED ENTRY--GEOGRAPHIC NAME
Geographic name Thailand
General subdivision Politics and government
Geographic subdivision 1945-1988
700 0# - ADDED ENTRY--PERSONAL NAME
Personal name Thaw Kaung
Relator term translator
700 0# - ADDED ENTRY--PERSONAL NAME
Personal name Ni Ni Myint
Relator term translator
700 0# - ADDED ENTRY--PERSONAL NAME
Personal name Tun Aung Chain
Relator term editor
942 ## - ADDED ENTRY ELEMENTS (KOHA)
Source of classification or shelving scheme Dewey Decimal Classification
Koha item type Short Term
Suppress in OPAC No
Holdings
Withdrawn status Lost status Source of classification or shelving scheme Damaged status Not for loan Collection Accession No. Home library Current library Shelving location Date acquired Total checkouts Full call number Barcode Date last seen Price effective from Koha item type
    Dewey Decimal Classification     English Collection 2277 Dhammadhara Dhammadhara English Shelves 23/12/2025   959.70433593 Ru 2277 EB00002277 23/12/2025 23/12/2025 Short Term